000 00648nam a22002297a 4500
003 dpl
005 20180615161922.0
008 180615b xxu||||| |||| 00| 0 eng d
010 _aB-088019
020 _c0.00
035 _aB-088019
037 _bBPPD/PUB
040 _bEnglish
_c0
050 _a657
082 _a657
245 _aMBD sure shot-sample papers accountancy-xii
260 _aNew Delhi
_bMalhotra book depot
270 _aGulab bhawan, 6, bahadur shah zafar marg
_bNew Delhi
_cDelhi
_e110002
300 _a various pagings
_c24 cm (Hb)
_bill.
650 _aAccountancy
942 _adpl
_cEN
_2ddc
_h657
_mMBD
999 _c152749
_d152749